000
00247nam a2200097Ia 4500
001
640778
005
20250826153453.0
008
250824s9999 xx 000 0 und d
245
0
_a
GÜLME BAŞINA GELİR KOMŞUNA
_c
MİNE SOTA
260
_b
GENÇ TİMAŞ
999
_c
640778
_d
640778